| 000 | 01138cam a22002414a 4500 | ||
|---|---|---|---|
| 005 | 20250605164259.0 | ||
| 008 | 250528s ||||||||||||||||||||||||d | ||
| 035 | _a21980 | ||
| 020 | _a9789603992363 | ||
| 040 |
_aGR-AtMCL _bgre _dGR-AtMCL _eAACR2 |
||
| 245 | 1 | _aΑΘΛΗΤΙΚΟ ΜΑΡΚΕΤΙΝΓΚ | |
| 250 | _a1 | ||
| 260 |
_bΠασχαλιδης, _c2004 |
||
| 300 | _a469 | ||
| 505 | 0 | _aΑΘΛΗΤΙΚΟ ΜΑΡΚΕΤΙΝΓΚ ΑΘΛΗΤΙΚΟ ΜΑΝΑΤΖΜΕΝΤ ΣΥΜΠΕΡΙΦΟΡΑ ΑΘΛΗΤΙΚΩΝ ΚΑΤΑΝΑΛΩΤΩΝ ΑΓΟΡΑ ΕΡΕΥΝΑ ΣΤΡΑΤΗΓΙΚΕΣ ΤΙΜΟΛΟΓΗΣΗΣ ΠΡΟΩΘΗΣΗ ΠΩΛΗΣΕΙΣ ΔΗΜΟΣΙΕΣ ΣΧΕΣΕΙΣ | |
| 520 | _aΑΘΛΗΤΙΚΟ ΜΑΡΚΕΤΙΝΓΚ ΑΘΛΗΤΙΚΟ ΜΑΝΑΤΖΜΕΝΤ ΣΥΜΠΕΡΙΦΟΡΑ ΑΘΛΗΤΙΚΩΝ ΚΑΤΑΝΑΛΩΤΩΝ ΑΓΟΡΑ ΕΡΕΥΝΑ ΣΤΡΑΤΗΓΙΚΕΣ ΤΙΜΟΛΟΓΗΣΗΣ ΠΡΟΩΘΗΣΗ ΠΩΛΗΣΕΙΣ ΔΗΜΟΣΙΕΣ ΣΧΕΣΕΙΣ | ||
| 700 | 1 |
_aHardy Stephen _97856 |
|
| 700 | 1 |
_aMullin Bernard J _97857 |
|
| 700 | 1 |
_aSutton William A _97858 |
|
| 942 | _cBK | ||
| 999 |
_c7036 _d7036 |
||